| 000 | 00545nam a2200181Ia 4500 | ||
|---|---|---|---|
| 008 | 230917s9999||||xx |||||||||||||| ||und|| | ||
| 020 | _cRS569 | ||
| 040 |
_e244656 _aMAIN |
||
| 041 | _aEnglish | ||
| 082 | _a658.4 F889O(6) | ||
| 100 | _aFrench, Wendell L | ||
| 245 | 0 | _aOrganization development: Behavioral science interventions for organizational improvement | |
| 250 | _a6th ed. | ||
| 260 |
_aNoida _bPearson India Education _c2018 |
||
| 300 | _axvii, 234 p. | ||
| 500 | _a3003 08/01/2018 HBD18/7184 27/01/2018 Main Budget | ||
| 942 | _cBK | ||
| 999 |
_c25287 _d25287 |
||